000 01545nam a2200337 a 4500
001 BRCA_3151
005 20190320204133.0
008 100209s1882----fr-a---###---#000-0#fre-u
041 _afre
044 _afr
084 _a456
_b.H34
_c1882
100 1 _aCervantes Saavedra, Miguel de
_d1547-1616
_9213
245 1 0 _aDon Quichotte de la Manche
_cpar Miguel de Cervantes Saavedra.
260 _aParís
_bLibrairie Hachette
_c1882
300 _a465 p.
_bil.
_c24 cm.
440 0 _aBibliothéque des Ecoles et des Familles
_98514
500 _aContenido : Texto abreviado
500 _aEdición : Edition Abregee D´Aprés la Traduction de Florian et Illustrée D´Aprées les Dessins de Gustave Doré. Deuxime Edition
500 _aEsta edición sigue la traducción de Florian, pero abreviando aún más algunos pasajes. Carece de dedicatorias, prólogos y versos preliminares. Contiene algunos dibujos de G. Doré. La impresión esmerada. Semipiel; lomo decorado con filetes dorados Lúdovik Osterc
500 _aQM383
546 _aTexto en : francés
650 1 4 _aNovela española
_yÉpoca clásica, 1500-1700
_9215
650 1 4 _aLiteratura española
_yÉpoca clásica, 1500-1700
_9216
650 1 4 _aNovela española
_ySiglo XVII
_9217
650 1 4 _aDon Quijote (Personaje ficticio)
_eNovela
_9218
700 1 _aFlorian, Jean-Pierre Claris de
_d1755-1794
_eTraductor
_98480
700 1 _aDoré, Paul Gustave
_d1832-1883
_eIlustrador
_98515
740 0 _aEl Ingenioso Hidalgo Don Quijote de la Mancha
902 _aQFM
942 _2lcc
_cB
999 _c2887
_d2887